|
|
|
|
| LEADER |
00000nam0a2200000 4500 |
| 001 |
14732 |
| 005 |
20231030185816.0 |
| 010 |
|
|
|a 5704605117
|
| 035 |
|
|
|a (RuTPU)RU\TPU\book\14830
|
| 035 |
|
|
|a BOOK00014898
|
| 090 |
|
|
|a 14732
|
| 100 |
|
|
|a 20011209d1999 km y0rusy50 ca
|
| 101 |
0 |
|
|a rus
|
| 102 |
|
|
|a RU
|
| 105 |
|
|
|a a g 000zy
|
| 200 |
0 |
|
|a Кн. 1 : Общие вопросы
|
| 210 |
|
|
|d 1999
|
| 215 |
|
|
|a 528 с.
|c ил.
|
| 461 |
|
|
|t Теплоэнергетика и теплотехника
|o Справочник в 4-х кн.
|v Кн. 1 : Общие вопросы
|f под ред. А. В. Клименко ; В. М. Зорина
|e 3-е изд., перераб. и доп.
|d 1999
|s Теплоэнергетика и теплотехника
|
| 610 |
1 |
|
|a теплоэнергетика
|
| 610 |
1 |
|
|a теплотехника
|
| 610 |
1 |
|
|a ресурсы
|
| 610 |
1 |
|
|a энергетика
|
| 610 |
1 |
|
|a электрификация
|
| 610 |
1 |
|
|a рыночная экономика
|
| 610 |
1 |
|
|a ЭВМ
|
| 610 |
1 |
|
|a конструкционные материалы
|
| 610 |
1 |
|
|a прочность
|
| 610 |
1 |
|
|a охрана труда
|
| 610 |
1 |
|
|a экономика
|
| 610 |
1 |
|
|a справочники
|
| 675 |
|
|
|a 621.1.016(035)
|v 3
|
| 801 |
|
0 |
|a RU
|b 63413507
|c 20011209
|g PSBO
|
| 801 |
|
2 |
|a RU
|b 63413507
|c 20140721
|g PSBO
|
| 942 |
|
|
|c BK
|